000
00312nam a22001457a 4500
008
210526b ||||| |||| 00| 0 eng d
020
_a
9781285454313
041
_a
eng
080
_2
8th
_a
316
082
_a
316
100
_a
50
101
_a
SOC
245
_a
Life Span
_c
Carol K. Sigelman
942
_2
udc
_c
BK
999
_c
57651
_d
57651